000 00436nam a2200169Ia 4500
008 230524s9999 xx 000 0 und d
020 _a9780070618312
082 _a381.142
_bYOU
100 _aDona.J.Young
245 0 _aFoundations of Business Communication : An Integrative Approach
250 _aIST
260 _aNEW DELHI
_bTMH
_c2008
300 _aXXI'823
500 _aQuantity Number: 5
650 _aEnglish
942 _cBK
999 _c41962
_d41962